Procesos, estrategias y técnicas de aprendizaje
שמור ב:
| מחבר ראשי: | |
|---|---|
| פורמט: | ספר |
| שפה: | ספרדית |
| יצא לאור: |
Madrid
Síntesis
1996
|
| סדרה: | Psicología Evolutiva y de la Educación
|
| נושאים: | |
| תגים: |
הוספת תג
אין תגיות, היה/י הראשונ/ה לתייג את הרשומה!
|
MARC
| LEADER | 00000nam a2200000 a 4500 | ||
|---|---|---|---|
| 001 | UCQ1008 | ||
| 003 | CL-VaPUC | ||
| 008 | 980703e19960000SP |||||||||||||||||spa|d | ||
| 082 | 0 | 4 | |a 370.15 |b BEL |2 21 |
| 100 | 0 | |a Beltrán Llera, Jesús A |e author |9 414509 | |
| 245 | 1 | 0 | |a Procesos, estrategias y técnicas de aprendizaje |
| 300 | |a 381 p | ||
| 942 | |c BK | ||
| 945 | |d 19980703 00:00:00 |a aalvarez | ||
| 260 | |a Madrid |b Síntesis |c 1996 | ||
| 650 | 7 | |a TECNICAS DE APRENDIZAJE |2 CL-VaPUC |9 395899 | |
| 650 | 0 | |a Métodos de enseñanza |9 270413 | |
| 650 | 0 | |a Psicología del aprendizaje |9 306854 | |
| 650 | 0 | |a Cognición |9 270347 | |
| 583 | |a last modification |c 20190806 12:13:32 |k Rodrigo Vera | ||
| 490 | 0 | |a Psicología Evolutiva y de la Educación | |
| 999 | |c 272020 |d 272018 | ||
| 952 | |0 0 |1 0 |4 0 |6 370_150000000000000_BEL_1996 |7 0 |8 A |9 306843 |a BIBEDU |b BIBEDU |d 2019-11-20 |i 3440168 |o 370.15 BEL 1996 |p 3440168 |r 2019-11-20 |w 2019-11-20 |y BK |k BME | ||
| 952 | |0 0 |1 0 |4 0 |6 370_150000000000000_BEL_1996 |7 0 |8 A |9 306844 |a BIBEDU |b BIBEDU |d 2019-11-20 |i 349411K |o 370.15 BEL 1996 |p 349411K |r 2019-11-20 |w 2019-11-20 |y BK |k BME | ||